Общественное сознание и духовная жизнь общества; Актуальные проблемы социальной философии

Détails bibliographiques
Parent link:Актуальные проблемы социальной философии.— 2005.— С. 116-117
Auteur principal: Андреева П. В. Полина Владимировна
Langue:russe
Publié: 2005
Sujets:
Format: Chapitre de livre
KOHA link:https://koha.lib.tpu.ru/cgi-bin/koha/opac-detail.pl?biblionumber=92885

MARC

LEADER 00000naa2a2200000 4500
001 92885
005 20231031104916.0
035 |a (RuTPU)RU\TPU\book\99491 
090 |a 92885 
100 |a 20060321d2005 k y0rusy50 ca 
101 0 |a rus 
102 |a RU 
200 1 |a Общественное сознание и духовная жизнь общества  |f П. В. Андреева 
463 0 |0 (RuTPU)RU\TPU\book\95664  |t Актуальные проблемы социальной философии  |o сборник трудов I Всероссийской научно-практической конференции, Томск, 25-26 октября 2005 г.  |h вып. 3  |f Томский политехнический университет; гл. ред. А. А. Корниенко  |v С. 116-117  |d 2005  |p 213 с. 
610 1 |a общество 
610 1 |a общественное сознание 
610 1 |a духовность 
610 1 |a духовная жизнь 
610 1 |a социальная философия 
610 1 |a идеология 
610 1 |a духовное производство 
610 1 |a труды учёных ТПУ 
700 1 |a Андреева  |b П. В.  |c специалист в области культурологии и социальной коммуникации  |c доцент Томского политехнического университета, кандидат философских наук  |g Полина Владимировна  |2 stltpush  |3 (RuTPU)RU\TPU\pers\24648 
801 1 |a RU  |b 63413507  |c 20060321  |g PSBO 
801 2 |a RU  |b 63413507  |c 20120605  |g RCR 
942 |c BK